000 00361nam a2200157Ia 4500
008 210210b1945 xxu||||| |||| 00| 0 eng d
041 _aeng
082 _a828/662
100 _aWALTON (J)
245 _aSix physicists
260 _aLondon
_bOxford University Press
_c1945
650 _aSix
650 _aphysicists
690 _aBiography
906 _a016507
999 _c136060
_d136060